| 000 | 00744nam a2200229 a 4500 | ||
|---|---|---|---|
| 001 | 24415 | ||
| 003 | BD-RjUL | ||
| 005 | 20211209001040.0 | ||
| 008 | 140313r19641908enkb b 001 0 eng d | ||
| 035 | _a(BD-RjUL)24481 | ||
| 040 |
_aOCoLC _beng _cANL _dANL _dBD-RjUL |
||
| 041 | _aeng | ||
| 082 | 0 | 4 |
_a913.37 _bFOS 1964 |
| 100 | 1 |
_aFowler, W. Warde _q(William Warde), _d1847-1921. _975168 |
|
| 245 | 1 | 0 |
_aSocial life at Rome in the age of Cicero / _cby William Warde Fowler. |
| 260 |
_aLondon : _bMacmillan, _c1908 [reprinted 1964]. |
||
| 300 |
_axvii, 362 p. : _bmap. _c19 cm. |
||
| 504 | _aIncludes bibliographical references and index. | ||
| 651 | 0 |
_aRome _xSocial life and customs. _974550 |
|
| 651 | 0 |
_aRome _xHistory _975169 |
|
| 942 |
_2ddc _cBK |
||
| 999 |
_c24415 _d24415 |
||